[Event "28. Klatovy B 2022"]
[Site "Klatovy"]
[Date "2022.07.02"]
[Round "1.28"]
[White "Hampel, Rudolf"]
[Black "Kroulik, Stepan"]
[Result "1-0"]
[WhiteElo "1598"]
[BlackElo "1134"]
[PlyCount "31"]
[EventDate "2022.07.02"]
[EventType "swiss"]
[EventRounds "9"]
[EventCountry "CZE"]

1. e4 e5 2. Nf3 Nc6 3. Bb5 a6 4. Ba4 Bc5 5. c3 Nf6 6. Bc2 O-O 7. O-O Re8 8. d4 exd4 9. cxd4 Bb6 10. e5 Nd5 11. Qd3 g6 12. a3 f6 13. Bb3 Nce7 14. exf6 Kf8 15. fxe7+ Nxe7 16. Bh6# 1-0

[Event "28. Klatovy B 2022"]
[Site "Klatovy"]
[Date "2022.07.02"]
[Round "1.29"]
[White "Veverka, Max"]
[Black "Kubat, Zbynek"]
[Result "0-1"]
[WhiteElo "1078"]
[BlackElo "1596"]
[PlyCount "38"]
[EventDate "2022.07.02"]
[EventType "swiss"]
[EventRounds "9"]
[EventCountry "CZE"]

1. d4 d5 2. e3 Nf6 3. Nf3 Nc6 4. Bd3 Bg4 5. Nbd2 e5 6. c3 e4 7. Be2 exf3 8. Nxf3 Bd6 9. O-O Ne4 10. h3 Bh5 11. Re1 O-O 12. g4 Bg6 13. Bd3 f5 14. gxf5 Bxf5 15. Bxe4 Bxe4 16. Nh2 Bxh2+ 17. Kxh2 Rxf2+ 18. Kg3 Rg2+ 19. Kf4 Qf6# 0-1

[Event "28. Klatovy B 2022"]
[Site "Klatovy"]
[Date "2022.07.02"]
[Round "1.30"]
[White "Flajsman, Zdenek"]
[Black "Nova, Anezka"]
[Result "1-0"]
[WhiteElo "1588"]
[BlackElo "1060"]
[PlyCount "55"]
[EventDate "2022.07.02"]
[EventType "swiss"]
[EventRounds "9"]
[EventCountry "CZE"]

1. e4 e5 2. Nc3 Nf6 3. Nge2 Nc6 4. g3 d5 5. exd5 Nxd5 6. Bg2 Be6 7. O-O Bc5 8. Na4 Bb6 9. Nxb6 axb6 10. b3 O-O 11. Bb2 Re8 12. d4 exd4 13. Nxd4 Nxd4 14. Qxd4 f6 15. a3 c6 16. Rfe1 Qc7 17. c4 c5 18. Qd2 Ne7 19. Rxe6 Rad8 20. Qe2 Qd7 21. Re1 Kf8 22. Bh3 f5 23. Qe5 Ng6 24. Rxe8+ Rxe8 25. Qxf5+ Qxf5 26. Rxe8+ Kxe8 27. Bxf5 Kf7 28. Be4 1-0

[Event "28. Klatovy B 2022"]
[Site "Klatovy"]
[Date "2022.07.02"]
[Round "1.31"]
[White "Lickova, Anna"]
[Black "Svec, Ludek"]
[Result "0-1"]
[WhiteElo "1016"]
[BlackElo "1585"]
[PlyCount "70"]
[EventDate "2022.07.02"]
[EventType "swiss"]
[EventRounds "9"]
[EventCountry "CZE"]

1. e4 c5 2. Nf3 e6 3. Nc3 Nc6 4. d4 cxd4 5. Nxd4 Nf6 6. Be2 Bb4 7. Bg5 Qa5 8. Nxc6 bxc6 9. Bxf6 gxf6 10. Qd2 Ba6 11. Bd3 d5 12. Bxa6 Qxa6 13. exd5 cxd5 14. a3 Rc8 15. Qd3 Bxc3+ 16. bxc3 Qxd3 17. cxd3 Rxc3 18. Rb1 Kd7 19. Kd2 Rhc8 20. Rhc1 Rxc1 21. Rxc1 Rxc1 22. Kxc1 Kc6 23. Kc2 Kc5 24. Kc3 e5 25. f3 f5 26. g3 e4 27. d4+ Kb5 28. f4 Ka4 29. Kb2 a5 30. Ka2 e3 31. h3 e2 32. g4 e1=Q 33. gxf5 Qd2+ 34. Kb1 Kb3 35. a4 Qb2# 0-1

[Event "28. Klatovy B 2022"]
[Site "Klatovy"]
[Date "2022.07.02"]
[Round "1.32"]
[White "Josko, Jiri"]
[Black "Sehnoutka, Dalibor 1972"]
[Result "1/2-1/2"]
[WhiteElo "1584"]
[BlackElo "1444"]
[PlyCount "76"]
[EventDate "2022.07.02"]
[EventType "swiss"]
[EventRounds "9"]
[EventCountry "CZE"]

1. d4 g6 2. Bf4 Bg7 3. e3 e6 4. Nc3 Ne7 5. e4 Nbc6 6. Nf3 O-O 7. Qd2 d5 8. O-O-O dxe4 9. Nxe4 Nd5 10. Bh6 a5 11. Bxg7 Kxg7 12. h4 Nf6 13. Qf4 Nh5 14. Qe3 Nf6 15. Be2 Ng4 16. Qg5 e5 17. dxe5 Qxg5+ 18. hxg5 Ngxe5 19. Nf6 Rh8 20. Nxe5 Nxe5 21. f4 Nc6 22. Rh6 Be6 23. Rdh1 Rad8 24. Rxh7+ Rxh7 25. Rxh7+ Kf8 26. b3 Nd4 27. Bc4 Bxc4 28. Rh8+ Ke7 29. Rxd8 Kxd8 30. bxc4 Ne2+ 31. Kd2 Nxf4 32. g4 Ne6 33. Ne4 Kd7 34. Ke3 c6 35. c5 Kc7 36. c4 b5 37. cxb6+ Kxb6 38. a4 Nc5 1/2-1/2

[Event "28. Klatovy B 2022"]
[Site "Klatovy"]
[Date "2022.07.02"]
[Round "1.33"]
[White "Jiskra, Lubomir 1951"]
[Black "Pucholt, Martin 1978"]
[Result "0-1"]
[WhiteElo "1391"]
[BlackElo "1566"]
[PlyCount "106"]
[EventDate "2022.07.02"]
[EventType "swiss"]
[EventRounds "9"]
[EventCountry "CZE"]

1. e4 c5 2. Nf3 d6 3. Bc4 e6 4. d3 Nc6 5. c3 Nf6 6. h3 a6 7. Be3 Na5 8. Nbd2 Be7 9. b4 Nxc4 10. Nxc4 cxb4 11. Nb6 Rb8 12. cxb4 Nd7 13. Nxc8 Rxc8 14. Rc1 d5 15. a3 O-O 16. O-O Nf6 17. e5 Nd7 18. d4 f6 19. Qd2 Nb6 20. Rxc8 Qxc8 21. Rc1 Nc4 22. Qc3 f5 23. g3 Qd7 24. Bg5 Bxg5 25. Nxg5 h6 26. Nf3 b5 27. Nd2 Rc8 28. Nb3 Kf7 29. Nc5 Qa7 30. Nb3 Qb6 31. Kh2 Rg8 32. h4 g5 33. Nc5 gxh4 34. gxh4 Rg4 35. Rg1 Rxh4+ 36. Kg2 Rg4+ 37. Kf1 Rg5 38. Nd7 Qa7 39. Nf6 a5 40. Nh7 Rg4 41. Nf6 Qxd4 42. Rg3 Qxc3 43. Rxc3 Rg7 44. f4 a4 45. Kf2 Ke7 46. Rh3 Rg6 47. Rc3 Kd8 48. Rd3 h5 49. Nxh5 Rh6 50. Ng7 Kd7 51. Kg2 Rg6+ 52. Rg3 Rxg3+ 53. Kxg3 Nxa3 0-1

[Event "28. Klatovy B 2022"]
[Site "Klatovy"]
[Date "2022.07.03"]
[Round "2.1"]
[White "Jirasek, Jiri"]
[Black "Hanzlik, Jiri"]
[Result "0-1"]
[WhiteElo "1878"]
[BlackElo "1609"]
[PlyCount "110"]
[EventDate "2022.07.02"]
[EventType "swiss"]
[EventRounds "9"]
[EventCountry "CZE"]

1. d4 e6 2. c4 Nf6 3. Nf3 d5 4. Nc3 dxc4 5. e3 Nc6 6. Bxc4 Be7 7. O-O O-O 8. Qe2 Nb4 9. Rd1 Nbd5 10. e4 Nxc3 11. bxc3 c6 12. Bd3 g6 13. c4 Ne8 14. Bb2 Bf6 15. d5 Bxb2 16. Qxb2 cxd5 17. cxd5 exd5 18. exd5 Qxd5 19. Bxg6 Qe6 20. Bc2 Qf6 21. Qb4 Nc7 22. Rac1 Ne6 23. Rd6 Qf4 24. Qd2 Qxd2 25. Rxd2 b6 26. Be4 Rb8 27. Ne5 Nc5 28. Bb1 Be6 29. Rcd1 Rbe8 30. f4 Kh8 31. h3 Rg8 32. Kf2 b5 33. g4 Rg7 34. Nc6 a6 35. f5 Bc4 36. Kf3 Na4 37. f6 Rg5 38. h4 Rgg8 39. Ne7 Rgf8 40. Bc2 Nc3 41. Re1 Nxa2 42. Re5 Nb4 43. Bxh7 Nd5 44. Rexd5 Bxd5+ 45. Be4 Bxe4+ 46. Kxe4 Rd8 47. Rf2 Rfe8 48. Rf5 Rxe7+ 49. fxe7 Re8 50. Rxf7 Kg8 51. Rf8+ Rxf8 52. exf8=Q+ Kxf8 53. h5 b4 54. Ke5 b3 55. Kf6 b2 0-1

[Event "28. Klatovy B 2022"]
[Site "Klatovy"]
[Date "2022.07.03"]
[Round "2.2"]
[White "Kubat, Zbynek"]
[Black "Masek, Jan"]
[Result "0-1"]
[WhiteElo "1596"]
[BlackElo "1865"]
[PlyCount "87"]
[EventDate "2022.07.02"]
[EventType "swiss"]
[EventRounds "9"]
[EventCountry "CZE"]

1. e4 e5 2. Nf3 Nc6 3. Nc3 Nf6 4. Bc4 Bb4 5. d3 d5 6. exd5 Nxd5 7. Bxd5 Qxd5 8. Bd2 Qd8 9. h3 O-O 10. O-O h6 11. a3 Ba5 12. Re1 f6 13. b4 Bb6 14. Na4 Be6 15. Be3 Bf5 16. Nc5 Bxc5 17. Bxc5 Rf7 18. Rc1 Rd7 19. Nh4 Bh7 20. Qg4 Qe8 21. Nf5 h5 22. Qc4+ Qf7 23. Qxf7+ Kxf7 24. Ng3 g6 25. Ne4 b6 26. Be3 Nd4 27. Nc3 g5 28. Bxd4 Rxd4 29. Kf1 c6 30. Ne4 Rad8 31. f3 R4d7 32. Ke2 Kg6 33. Red1 f5 34. Nf2 Kf6 35. Rd2 e4 36. fxe4 fxe4 37. Rcd1 Ke5 38. Ke3 exd3 39. Nxd3+ Bxd3 40. Rxd3 Rxd3+ 41. cxd3 Rf8 42. g3 Kd5 43. Rc1 g4 44. hxg4 0-1

[Event "28. Klatovy B 2022"]
[Site "Klatovy"]
[Date "2022.07.03"]
[Round "2.3"]
[White "Danek, Vaclav"]
[Black "Hampel, Rudolf"]
[Result "1-0"]
[WhiteElo "1862"]
[BlackElo "1598"]
[PlyCount "21"]
[EventDate "2022.07.02"]
[EventType "swiss"]
[EventRounds "9"]
[EventCountry "CZE"]

1. e4 c5 2. c4 e6 3. Nc3 Nc6 4. Nf3 Nf6 5. d4 cxd4 6. Nxd4 Bb4 7. Nxc6 bxc6 8. Bd2 d5 9. cxd5 exd5 10. exd5 cxd5 11. Qa4+ 1-0

[Event "28. Klatovy B 2022"]
[Site "Klatovy"]
[Date "2022.07.03"]
[Round "2.4"]
[White "Svec, Ludek"]
[Black "Skopec, Lubos"]
[Result "1/2-1/2"]
[WhiteElo "1585"]
[BlackElo "1860"]
[PlyCount "55"]
[EventDate "2022.07.02"]
[EventType "swiss"]
[EventRounds "9"]
[EventCountry "CZE"]

1. d4 Nf6 2. Nf3 e6 3. g3 d5 4. Bg2 Be7 5. c4 c6 6. Nbd2 O-O 7. O-O Nbd7 8. b3 b6 9. Qc2 Bb7 10. Bb2 Rc8 11. Rac1 Re8 12. Qb1 Bd6 13. Rfd1 Qe7 14. Ne5 Ba3 15. Bxa3 Qxa3 16. Nxd7 Nxd7 17. e4 Qe7 18. e5 Red8 19. cxd5 exd5 20. Qb2 Nf8 21. Bh3 Rc7 22. f4 Bc8 23. Bxc8 Rdxc8 24. Nf3 Qe6 25. Kg2 Qg6 26. Qc2 Qxc2+ 27. Rxc2 g6 28. Kf2 1/2-1/2

[Event "28. Klatovy B 2022"]
[Site "Klatovy"]
[Date "2022.07.03"]
[Round "2.5"]
[White "Zednik, Zdenek"]
[Black "Flajsman, Zdenek"]
[Result "1-0"]
[WhiteElo "1845"]
[BlackElo "1588"]
[PlyCount "59"]
[EventDate "2022.07.02"]
[EventType "swiss"]
[EventRounds "9"]
[EventCountry "CZE"]

1. c4 e5 2. g3 g6 3. Bg2 Bg7 4. Nc3 Nc6 5. Nf3 Nge7 6. O-O O-O 7. d3 d6 8. Rb1 Bd7 9. b4 a6 10. Qc2 Qc8 11. Re1 Rb8 12. a4 f5 13. e3 Bh6 14. b5 axb5 15. cxb5 Na5 16. Ba3 b6 17. Nxe5 Be6 18. Nf3 Qd7 19. Nd4 Bf7 20. f4 Bg7 21. Nf3 Nd5 22. Nxd5 Bxd5 23. e4 fxe4 24. dxe4 Be6 25. Ng5 Bd4+ 26. Kh1 Bc4 27. Rb4 Bc5 28. Rxc4 Bxa3 29. Rxc7 Rbc8 30. Qa2+ 1-0

[Event "28. Klatovy B 2022"]
[Site "Klatovy"]
[Date "2022.07.03"]
[Round "2.6"]
[White "Pucholt, Martin 1978"]
[Black "Rezac, Jindrich"]
[Result "1/2-1/2"]
[WhiteElo "1566"]
[BlackElo "1833"]
[PlyCount "64"]
[EventDate "2022.07.02"]
[EventType "swiss"]
[EventRounds "9"]
[EventCountry "CZE"]

1. c4 e5 2. Nc3 Nf6 3. Nf3 Nc6 4. g3 g6 5. Bg2 Bg7 6. d4 exd4 7. Nxd4 Nxd4 8. Qxd4 O-O 9. O-O d6 10. e4 Re8 11. Qd3 Bd7 12. h3 Bc6 13. Re1 Nd7 14. Qc2 Ne5 15. b3 Qf6 16. Bb2 Nf3+ 17. Bxf3 Qxf3 18. Re3 Qh5 19. g4 Qg5 20. Nd5 Bxd5 21. Bxg7 Kxg7 22. Qc3+ Kg8 23. cxd5 Re7 24. Rf1 Qf4 25. Qc4 Rae8 26. Rfe1 h6 27. Kg2 Kh7 28. f3 f5 29. exf5 Rxe3 30. fxg6+ Kxg6 31. Qxf4 Rxe1 32. Qf5+ Kg7 1/2-1/2

[Event "28. Klatovy B 2022"]
[Site "Klatovy"]
[Date "2022.07.03"]
[Round "2.7"]
[White "Koper, Stefan"]
[Black "Vavrinkova, Jitka"]
[Result "1-0"]
[WhiteElo "1829"]
[BlackElo "1548"]
[PlyCount "93"]
[EventDate "2022.07.02"]
[EventType "swiss"]
[EventRounds "9"]
[EventCountry "CZE"]

1. d4 e6 2. e4 d5 3. exd5 exd5 4. Nf3 Bd6 5. h3 Nf6 6. c4 c6 7. cxd5 Nxd5 8. Be2 Nd7 9. O-O O-O 10. Bd3 N7f6 11. Nc3 Be6 12. Bg5 h6 13. Nxd5 Bxd5 14. Bh4 Re8 15. Bc2 Be4 16. Bxf6 Qxf6 17. Bxe4 Rxe4 18. Re1 Rxe1+ 19. Qxe1 Kf8 20. Qe4 Qg6 21. Qxg6 fxg6 22. Kf1 Re8 23. Re1 Rxe1+ 24. Kxe1 Ke7 25. Ke2 Ke6 26. Kd3 Kd5 27. Nd2 g5 28. Nc4 Bc7 29. Ne3+ Ke6 30. Ke4 Bb6 31. Nf5 Kf6 32. Nd6 Ke6 33. Nxb7 g6 34. b4 Bc7 35. Nc5+ Ke7 36. a4 Bf4 37. b5 cxb5 38. axb5 Kd6 39. g4 Bd2 40. Nd3 Kc7 41. Kd5 Kb6 42. Kc4 h5 43. f3 Be3 44. Nb4 Ka5 45. Nc6+ Kb6 46. Ne7 Bxd4 47. Nd5+ 1-0

[Event "28. Klatovy B 2022"]
[Site "Klatovy"]
[Date "2022.07.03"]
[Round "2.8"]
[White "Berkovec, Josef"]
[Black "Lener, Jaroslav 1975"]
[Result "1/2-1/2"]
[WhiteElo "1544"]
[BlackElo "1796"]
[PlyCount "41"]
[EventDate "2022.07.02"]
[EventType "swiss"]
[EventRounds "9"]
[EventCountry "CZE"]

1. Nf3 Nf6 2. c4 c5 3. Nc3 Nc6 4. g3 d6 5. Bg2 g6 6. b3 Bg7 7. Bb2 O-O 8. O-O Rb8 9. e3 Bd7 10. d4 a6 11. dxc5 dxc5 12. Qe2 Bg4 13. h3 Be6 14. Rfd1 Qc8 15. Kh2 Bf5 16. Nh4 Bd7 17. Nf3 Bf5 18. Nh4 Bd7 19. Nf3 Bf5 20. Nh4 Bd7 21. Nf3 1/2-1/2

[Event "28. Klatovy B 2022"]
[Site "Klatovy"]
[Date "2022.07.03"]
[Round "2.9"]
[White "Benes, Jachym"]
[Black "Rezny, Frantisek"]
[Result "1-0"]
[WhiteElo "1776"]
[BlackElo "1517"]
[PlyCount "61"]
[EventDate "2022.07.02"]
[EventType "swiss"]
[EventRounds "9"]
[EventCountry "CZE"]

1. d4 d5 2. c4 e6 3. Nc3 Nf6 4. Bg5 Be7 5. e3 O-O 6. Nf3 a6 7. cxd5 Nxd5 8. Bxe7 Qxe7 9. Nxd5 exd5 10. Qb3 c6 11. Bd3 Nd7 12. O-O Nf6 13. Ne5 Be6 14. Qc2 g6 15. Rab1 Rae8 16. b4 Ne4 17. a4 f6 18. Nf3 Bg4 19. Nd2 Bd7 20. b5 cxb5 21. axb5 Rc8 22. Qb2 Nxd2 23. Qxd2 axb5 24. Bxb5 Bxb5 25. Rxb5 Rfd8 26. Rfb1 Rd7 27. h3 Kf7 28. Qa5 Rdc7 29. Rxb7 Qd8 30. Rxc7+ Rxc7 31. Rb7 1-0

[Event "28. Klatovy B 2022"]
[Site "Klatovy"]
[Date "2022.07.03"]
[Round "2.10"]
[White "Vachal, Josef1"]
[Black "Levinsky, Ladislav"]
[Result "1/2-1/2"]
[WhiteElo "1765"]
[BlackElo "1498"]
[PlyCount "30"]
[EventDate "2022.07.02"]
[EventType "swiss"]
[EventRounds "9"]
[EventCountry "CZE"]

1. d4 Nf6 2. Nf3 d5 3. g3 g6 4. Bg2 Bg7 5. c4 c6 6. O-O O-O 7. Nc3 Na6 8. cxd5 Nxd5 9. e4 Nxc3 10. bxc3 Nc7 11. Rb1 Nb5 12. Qe1 Qa5 13. Bd2 Qxa2 14. Qe3 Nd6 15. Ra1 Qc2 1/2-1/2

[Event "28. Klatovy B 2022"]
[Site "Klatovy"]
[Date "2022.07.03"]
[Round "2.11"]
[White "Stanke, Petr"]
[Black "Zak, Jiri1"]
[Result "1-0"]
[WhiteElo "1522"]
[BlackElo "1732"]
[PlyCount "109"]
[EventDate "2022.07.02"]
[EventType "swiss"]
[EventRounds "9"]
[EventCountry "CZE"]

1. d4 Nf6 2. c4 e6 3. Nf3 d5 4. Nc3 Bb4 5. Qb3 Nc6 6. e3 Ne4 7. Be2 O-O 8. O-O Nxc3 9. bxc3 Be7 10. Bd2 b6 11. cxd5 exd5 12. a4 a6 13. Rfc1 Bb7 14. c4 dxc4 15. Bxc4 Qd6 16. Bd5 Nd8 17. Bxb7 Nxb7 18. Qc4 Rfc8 19. Ne5 Nd8 20. Nc6 a5 21. Rc2 Ne6 22. Rac1 Bf6 23. d5 Nc5 24. Bc3 Re8 25. Bxf6 Qxf6 26. Rd2 Re4 27. Rd4 Rae8 28. Rcd1 g6 29. h3 h5 30. Rxe4 Rxe4 31. Rd4 Re8 32. Na7 Qf5 33. Nb5 Re7 34. Rf4 Qb1+ 35. Kh2 Re4 36. Rxe4 Qxe4 37. Qxe4 Nxe4 38. Nxc7 Nc5 39. d6 Kf8 40. Kg3 Nxa4 41. Kf4 Nc3 42. Ke5 b5 43. f3 b4 44. Kf6 Nd5+ 45. Nxd5 Ke8 46. Nb6 b3 47. Na4 Kd7 48. Ke5 Kc6 49. g4 f6+ 50. Ke6 Kb5 51. Nc3+ Kb4 52. Nb1 a4 53. d7 a3 54. Nxa3 Kxa3 55. d8=Q 1-0

[Event "28. Klatovy B 2022"]
[Site "Klatovy"]
[Date "2022.07.03"]
[Round "2.12"]
[White "Vavrousek, Petr"]
[Black "Cyron, Karel"]
[Result "0-1"]
[WhiteElo "1517"]
[BlackElo "1708"]
[PlyCount "50"]
[EventDate "2022.07.02"]
[EventType "swiss"]
[EventRounds "9"]
[EventCountry "CZE"]

1. e4 Nf6 2. e5 Nd5 3. d4 d6 4. Nf3 Bg4 5. Be2 c6 6. c4 Nb6 7. b3 N8d7 8. exd6 exd6 9. O-O Be7 10. Nc3 Nf6 11. Re1 O-O 12. Qc2 Rc8 13. Ng5 Bxe2 14. Qxe2 Re8 15. Qf3 d5 16. c5 Bxc5 17. Be3 Bb4 18. Bd2 h6 19. Nh3 Bxc3 20. Bxc3 Ne4 21. Bb4 Nd7 22. Nf4 a5 23. Bc3 Ndf6 24. Qd3 Qc7 25. Bb2 Qxf4 0-1

[Event "28. Klatovy B 2022"]
[Site "Klatovy"]
[Date "2022.07.03"]
[Round "2.13"]
[White "Vana, Jan 2010"]
[Black "Rychtecky, Pavel"]
[Result "1-0"]
[WhiteElo "1708"]
[BlackElo "1482"]
[PlyCount "101"]
[EventDate "2022.07.02"]
[EventType "swiss"]
[EventRounds "9"]
[EventCountry "CZE"]

1. e4 e5 2. d4 exd4 3. c3 Qe7 4. cxd4 Qxe4+ 5. Be3 Nf6 6. Nc3 Bb4 7. a3 Bxc3+ 8. bxc3 Ng4 9. Qd2 Nxe3 10. fxe3 d6 11. Bd3 Qh4+ 12. g3 Qg4 13. Ne2 Nd7 14. O-O-O Nf6 15. Rhf1 Be6 16. c4 O-O 17. Rf4 Qg5 18. Rdf1 Bh3 19. Re1 b6 20. Nc3 c6 21. Ne4 Nxe4 22. Bxe4 Bd7 23. Ref1 Rae8 24. g4 Qa5 25. Qd3 g6 26. Qb3 Rc8 27. Bd3 Be6 28. e4 d5 29. a4 a6 30. e5 b5 31. c5 Rb8 32. axb5 axb5 33. Bf5 Ra8 34. Bxe6 Qa1+ 35. Kc2 Ra2+ 36. Kd3 Ra3 37. Rxa1 Rxb3+ 38. Kc2 Rh3 39. Raf1 Rxh2+ 40. Kb1 Rd2 41. Bxf7+ Kg7 42. e6 Re2 43. R1f2 Re3 44. Kc2 g5 45. Rf5 h6 46. Re5 Ra3 47. Kb2 Raa8 48. Ref5 Ra7 49. Rf6 Re7 50. Rg6+ Kh7 51. Rh2 1-0

[Event "28. Klatovy B 2022"]
[Site "Klatovy"]
[Date "2022.07.03"]
[Round "2.14"]
[White "Andrle, Filip"]
[Black "Durchan, Milan 1961"]
[Result "1/2-1/2"]
[WhiteElo "1495"]
[BlackElo "1687"]
[PlyCount "20"]
[EventDate "2022.07.02"]
[EventType "swiss"]
[EventRounds "9"]
[EventCountry "CZE"]

1. e4 c6 2. d4 d5 3. Nc3 dxe4 4. Nxe4 Nf6 5. Nxf6+ gxf6 6. Nf3 Bg4 7. Be2 Qc7 8. O-O Nd7 9. Be3 e6 10. c4 Bd6 1/2-1/2

[Event "28. Klatovy B 2022"]
[Site "Klatovy"]
[Date "2022.07.03"]
[Round "2.15"]
[White "Vnoucek, Pavel"]
[Black "Sobr, Vaclav"]
[Result "1-0"]
[WhiteElo "1678"]
[BlackElo "1474"]
[PlyCount "39"]
[EventDate "2022.07.02"]
[EventType "swiss"]
[EventRounds "9"]
[EventCountry "CZE"]

1. e4 c5 2. Nf3 g6 3. d4 b6 4. Nc3 Bg7 5. Bc4 e6 6. O-O Nc6 7. Be3 cxd4 8. Nxd4 Qf6 9. Ndb5 Qe5 10. f4 Qb8 11. Nd6+ Kf8 12. Qd2 h5 13. Rad1 Nf6 14. f5 Ne5 15. Bf4 Nxc4 16. Nxc4 Qb7 17. Nd6 Qc6 18. fxg6 Qc5+ 19. Kh1 Ba6 20. Nxf7 1-0

[Event "28. Klatovy B 2022"]
[Site "Klatovy"]
[Date "2022.07.03"]
[Round "2.16"]
[White "Sova, Zdenek"]
[Black "Novy, Jan"]
[Result "1-0"]
[WhiteElo "1669"]
[BlackElo "1464"]
[PlyCount "67"]
[EventDate "2022.07.02"]
[EventType "swiss"]
[EventRounds "9"]
[EventCountry "CZE"]

1. Nf3 Nf6 2. d4 d5 3. c4 dxc4 4. Nc3 e6 5. e4 Be7 6. Bxc4 O-O 7. O-O c6 8. Qc2 a6 9. a4 b5 10. axb5 Bb7 11. bxc6 Nxc6 12. e5 Nb4 13. Qe2 Nfd5 14. Nxd5 Nxd5 15. Bd2 a5 16. Bxd5 Bxd5 17. Bc3 Qc7 18. Rfc1 Qb7 19. Bxa5 Rfc8 20. Bc3 Bc4 21. Qe1 Rxa1 22. Rxa1 Bd5 23. Qd1 g5 24. h3 h6 25. Qe2 Bc4 26. Qe3 f5 27. exf6 Bxf6 28. Ne5 Bd5 29. f3 Rf8 30. Rf1 Qc7 31. Rc1 Qa7 32. Bb4 Bxe5 33. Qxe5 Ra8 34. Rc7 1-0

[Event "28. Klatovy B 2022"]
[Site "Klatovy"]
[Date "2022.07.03"]
[Round "2.17"]
[White "Vasko, Pavel"]
[Black "Macho, Miloslav"]
[Result "1/2-1/2"]
[WhiteElo "1477"]
[BlackElo "1664"]
[PlyCount "62"]
[EventDate "2022.07.02"]
[EventType "swiss"]
[EventRounds "9"]
[EventCountry "CZE"]

1. e4 Nf6 2. Nc3 e5 3. Nf3 Nc6 4. Bc4 Nxe4 5. Bxf7+ Kxf7 6. Nxe4 d5 7. Nc3 Bg4 8. d3 Kg8 9. h3 Bxf3 10. Qxf3 Nd4 11. Qd1 Bb4 12. Bd2 c6 13. O-O Qh4 14. Nb1 Bxd2 15. Nxd2 Rf8 16. c3 Nf5 17. Nf3 Qf6 18. Qb3 Nd6 19. Rae1 Re8 20. c4 h6 21. Re2 e4 22. Rfe1 exf3 23. Rxe8+ Nxe8 24. Rxe8+ Kh7 25. Rxh8+ Kxh8 26. Qxb7 fxg2 27. cxd5 Qf5 28. dxc6 Qxh3 29. Qb8+ Kh7 30. Qh2 Qxd3 31. Qxg2 Qd1+ 1/2-1/2

[Event "28. Klatovy B 2022"]
[Site "Klatovy"]
[Date "2022.07.03"]
[Round "2.18"]
[White "Zrust, Lukas"]
[Black "Kovar, Vaclav 1953"]
[Result "1/2-1/2"]
[WhiteElo "1266"]
[BlackElo "1619"]
[PlyCount "91"]
[EventDate "2022.07.02"]
[EventType "swiss"]
[EventRounds "9"]
[EventCountry "CZE"]

1. e4 e5 2. Nf3 Nc6 3. d4 exd4 4. Nxd4 d6 5. Be3 Nf6 6. Nc3 Bd7 7. Be2 Be7 8. O-O O-O 9. Qd2 a6 10. f4 Bg4 11. h3 Bxe2 12. Qxe2 Re8 13. a3 Bf8 14. Qd3 Qe7 15. Nf5 Qd7 16. Ng3 g6 17. f5 Bg7 18. fxg6 hxg6 19. Rf2 Ne5 20. Qe2 Qe6 21. Raf1 c5 22. Bg5 Nh7 23. Bf4 Re7 24. Nd5 Ree8 25. Nc7 Qe7 26. Nxa8 Rxa8 27. Qd1 Rd8 28. b3 Nc6 29. Kh1 Bd4 30. Rf3 Ne5 31. Bxe5 Qxe5 32. Ne2 Ng5 33. Nxd4 cxd4 34. Rd3 Nxe4 35. Qf3 Rd7 36. Re1 Re7 37. Rf1 Ng5 38. Qf4 Qe2 39. Qf2 Qe5 40. Qxd4 Qe2 41. Qf2 Qe5 42. Rfd1 Ne4 43. Qe3 Re6 44. Rf1 Qb2 45. Qf4 Rf6 46. Qxe4 1/2-1/2

[Event "28. Klatovy B 2022"]
[Site "Klatovy"]
[Date "2022.07.03"]
[Round "2.19"]
[White "Bara, Jan"]
[Black "Maly, Jiri 2011"]
[Result "1-0"]
[WhiteElo "1616"]
[BlackElo "1249"]
[PlyCount "93"]
[EventDate "2022.07.02"]
[EventType "swiss"]
[EventRounds "9"]
[EventCountry "CZE"]

1. Nf3 d5 2. d4 Nf6 3. c4 c6 4. Nc3 dxc4 5. e3 b5 6. a4 b4 7. Na2 e6 8. Bxc4 Bb7 9. O-O Nbd7 10. Qe2 Qb6 11. Bd2 c5 12. a5 Qxa5 13. Nxb4 Qb6 14. dxc5 Bxc5 15. Na6 Bd6 16. Nd4 O-O 17. Ba5 Bxh2+ 18. Kxh2 Qd6+ 19. Kg1 Rac8 20. Bb4 Qe5 21. Bxf8 Rxc4 22. Nc5 Nxc5 23. Bxc5 Rxc5 24. Rxa7 Bxg2 25. f4 Qe4 26. Qxg2 Qxe3+ 27. Qf2 Qxf2+ 28. Kxf2 h6 29. Ra8+ Kh7 30. Ra7 Ne4+ 31. Ke3 Nd6 32. Rb1 Kg6 33. Ra6 Nf5+ 34. Nxf5 Rxf5 35. b4 Rb5 36. Ra5 Rb8 37. b5 Kf6 38. Ra7 Rb6 39. Ra6 Rb8 40. b6 Ke7 41. b7 Kd7 42. Ra8 Kc7 43. Rxb8 Kxb8 44. Kd4 g6 45. Kc5 h5 46. Kb6 f6 47. Ra1 1-0

[Event "28. Klatovy B 2022"]
[Site "Klatovy"]
[Date "2022.07.03"]
[Round "2.20"]
[White "Sindelar, Jan 2000"]
[Black "Skalny, Petr"]
[Result "1-0"]
[WhiteElo "1466"]
[BlackElo "1609"]
[PlyCount "47"]
[EventDate "2022.07.02"]
[EventType "swiss"]
[EventRounds "9"]
[EventCountry "CZE"]

1. c4 e5 2. Nc3 Nf6 3. g3 d5 4. cxd5 Nxd5 5. Bg2 Be6 6. Nf3 f6 7. O-O Nc6 8. a3 Qd7 9. b4 O-O-O 10. Nxd5 Bxd5 11. Qa4 e4 12. Ne1 Nd4 13. Qxa7 Nxe2+ 14. Kh1 b6 15. Qa6+ Kb8 16. Qxe2 f5 17. Qe3 h5 18. h4 Bf7 19. Bb2 Rh7 20. f4 Bc4 21. Rf2 Qa4 22. Rc1 Bd3 23. Be5 Rd7 24. Nxd3 1-0

[Event "28. Klatovy B 2022"]
[Site "Klatovy"]
[Date "2022.07.03"]
[Round "2.21"]
[White "Novy, Jaroslav"]
[Black "Rudlof, Jan"]
[Result "0-1"]
[WhiteElo "1458"]
[BlackElo "1767"]
[PlyCount "82"]
[EventDate "2022.07.02"]
[EventType "swiss"]
[EventRounds "9"]
[EventCountry "CZE"]

1. e4 c6 2. d4 d5 3. exd5 cxd5 4. c4 Nf6 5. Nc3 e6 6. Nf3 Nc6 7. c5 Ne4 8. Bd3 Nxc3 9. bxc3 b6 10. cxb6 axb6 11. Bf4 Bd6 12. Qd2 Ba6 13. Bg3 Na5 14. O-O Bxg3 15. fxg3 Bxd3 16. Qxd3 Nc4 17. Ne5 Nxe5 18. dxe5 O-O 19. Qe3 Qc7 20. Rf2 Ra3 21. Rc2 Qc5 22. Qxc5 bxc5 23. Rb1 g6 24. Kf2 Rfa8 25. Rbb2 R8a4 26. c4 dxc4 27. Ke2 c3 28. Rb8+ Kg7 29. Kd3 c4+ 30. Kd4 Rxa2 31. Kxc3 R2a3+ 32. Kd2 Rd3+ 33. Ke2 Rd5 34. Rc8 Rxe5+ 35. Kf2 Re4 36. Kf3 f5 37. h3 h5 38. Re2 Ra3+ 39. Kf2 Rxe2+ 40. Kxe2 c3 41. Kd3 c2+ 0-1

[Event "28. Klatovy B 2022"]
[Site "Klatovy"]
[Date "2022.07.03"]
[Round "2.22"]
[White "Chmelik, Ladislav"]
[Black "Studzinski, David 2002"]
[Result "1-0"]
[WhiteElo "1730"]
[BlackElo "1284"]
[PlyCount "67"]
[EventDate "2022.07.02"]
[EventType "swiss"]
[EventRounds "9"]
[EventCountry "CZE"]

1. e4 c5 2. Nf3 g6 3. c3 Bg7 4. d4 cxd4 5. cxd4 d6 6. Bc4 Nf6 7. Nc3 Bg4 8. Qb3 O-O 9. Ng5 d5 10. Nxd5 e6 11. Nc3 Nc6 12. O-O Nxd4 13. Qxb7 Nc2 14. Rb1 Nd7 15. Qb3 Nd4 16. Qa3 Nc2 17. Qa4 Nd4 18. h3 Bh5 19. g4 Bh6 20. Nxe6 Nf3+ 21. Kg2 Nh4+ 22. Kh1 Qf6 23. f4 Nb6 24. Qb3 Nxc4 25. Nxf8 Bxf8 26. Qxc4 Bxg4 27. hxg4 Nf5 28. g5 Ng3+ 29. Kg2 Qb6 30. Kxg3 h5 31. Nd5 Qe6 32. Nf6+ Kg7 33. Qxe6 fxe6 34. Be3 1-0